Unresolved internal investigations at DHS : oversight of investigation management in the office of the DHS OIG : hearing before the Subcommittee on Government Organization, Efficiency, and Financial Management of the Committee on Oversight and Government Reform, House of Representatives, One Hundred Twelfth Congress, second session, August 1, 2012.

Bibliographic Details
Corporate Author: United States. Congress. House. Committee on Oversight and Government Reform. Subcommittee on Government Organization, Efficiency, and Financial Management
Format: Government Document eBook
Language:English
Published: Washington : U.S. G.P.O., 2012.
Subjects:
Online Access:https://purl.fdlp.gov/GPO/gpo28707

MARC

Tag First Indicator Second Indicator Subfields
LEADER 00000cam a2200000 a 4500
001 in00002781377
005 20211120170021.0
006 m o d f
007 cr bn||||a||||
008 120925s2012 dcua o f000 0 eng c
019 |a 826438436 
035 |a (OCoLC)ocn811037171 
037 |a 552-070-45227-3  |b GPO  |f paper 
040 |a GPO  |b eng  |c GPO  |d GPO  |d OCLCQ  |d OCLCA  |d OCLCF  |d GPO  |d MvI  |d UtOrBLW 
042 |a pcc 
043 |a n-us--- 
049 |a WWW 
050 1 4 |a KF27  |b .O9433 2012d 
074 |a 1016-C (online) 
086 0 |a Y 4.G 74/7:112-171 
088 |a Serial no. 112-171 (United States. Congress. House. Committee on Oversight and Government Reform) 
110 1 |a United States.  |b Congress.  |b House.  |b Committee on Oversight and Government Reform.  |b Subcommittee on Government Organization, Efficiency, and Financial Management. 
245 1 0 |a Unresolved internal investigations at DHS :  |b oversight of investigation management in the office of the DHS OIG : hearing before the Subcommittee on Government Organization, Efficiency, and Financial Management of the Committee on Oversight and Government Reform, House of Representatives, One Hundred Twelfth Congress, second session, August 1, 2012. 
264 1 |a Washington :  |b U.S. G.P.O.,  |c 2012. 
300 |a 1 online resource (iii, 59 pages) :  |b illustrations 
336 |a text  |b txt  |2 rdacontent 
337 |a computer  |b c  |2 rdamedia 
338 |a online resource  |b cr  |2 rdacarrier 
500 |a Title from title screen (viewed on Sept. 25, 2012). 
500 |a Paper version available for sale by the Supt. of Docs., U.S. G.P.O. 
500 |a "Serial number 112-171." 
500 |a Electronic resource. 
610 1 0 |a United States.  |b Department of Homeland Security.  |b Office of Inspector General. 
610 2 0 |a U.S. Immigration and Customs Enforcement  |x Officials and employees  |x Discipline. 
610 2 0 |a U.S. Customs and Border Protection  |x Officials and employees  |x Discipline. 
650 0 |a Governmental investigations  |z United States. 
610 2 7 |a U.S. Customs and Border Protection.  |2 fast  |0 (OCoLC)fst01429649 
610 2 7 |a U.S. Immigration and Customs Enforcement.  |2 fast  |0 (OCoLC)fst01692776 
610 1 7 |a United States.  |b Department of Homeland Security.  |b Office of Inspector General.  |2 fast  |0 (OCoLC)fst01852750 
650 7 |a Governmental investigations.  |2 fast  |0 (OCoLC)fst00945690 
650 7 |a Labor discipline.  |2 fast  |0 (OCoLC)fst00989921 
651 7 |a United States.  |2 fast  |0 (OCoLC)fst01204155 
776 0 8 |i Print version:  |a United States. Congress. House. Committee on Oversight and Government Reform. Subcommittee on Government Organization, Efficiency, and Financial Management.  |t Unresolved internal investigations at DHS  |w (DLC) 2013379173  |w (OCoLC)816521168 
776 0 8 |i Microfiche version:  |a United States. Congress. House. Committee on Oversight and Government Reform. Subcommittee on Government Organization, Efficiency, and Financial Management.  |t Unresolved internal investigations at DHS  |w (OCoLC)827997640 
856 4 0 |u https://purl.fdlp.gov/GPO/gpo28707  |t 0 
999 |a MARS 
999 f f |s e50c910b-e14e-3a56-8e38-f69735d6b7e0  |i 825be18a-f431-3ceb-88b9-2baa6b639fa5  |t 0 
952 f f |a Texas A&M University  |b College Station  |c Electronic Resources  |d Available Online  |t 0  |e Y 4.G 74/7:112-171  |h Superintendent of Documents classification 
998 f f |a Y 4.G 74/7:112-171  |t 0  |l Available Online